| 000 | 00570nam a2200229Ia 4500 | ||
|---|---|---|---|
| 001 | 2009 | ||
| 003 | GE_BSU | ||
| 008 | 181216s||||||||xx |||||||||||||| ||und|| | ||
| 020 | _a9785482015070 | ||
| 040 | _cGE_BSU | ||
| 080 | _a340.1(075.8) | ||
| 100 | _aАлексеев,С.С. | ||
| 245 | _aГосударство и право | ||
| 245 | _bУчебное пособие. | ||
| 260 | _aМосква | ||
| 260 | _bПроспект | ||
| 260 | _c2007 | ||
| 300 | _a152стр. | ||
| 541 | _h7л. | ||
| 653 | _aГосударство и право | ||
| 942 | _cBK | ||
| 999 |
_c36109 _d36109 |
||